000
00301nam a22001337a 4500
008
181015b xxu||||| |||| 00| 0 eng d
020
_a
0894436988
041
_a
eng
080
_a
610.73
100
_a
2
101
_a
INF
245
_a
Educating The Nurse Manager
_c
Stevens.B.J
942
_2
udc
_c
BK
999
_c
49774
_d
49774